| 000 | 00637nam a22002052 4500 | ||
|---|---|---|---|
| 001 | 0000009676 | ||
| 005 | 20151217155841.0 | ||
| 008 | 081116s xx 000 0 eng d | ||
| 040 |
_aKABU _cKABU |
||
| 100 | 1 |
_aSicard, S. von. _@0000161405 |
|
| 245 | 1 | 4 |
_aThe Lutheran Church on the coast of Tanzania 1887-1914 / _cS. von Sicard. |
| 250 | _a1st ed. | ||
| 260 |
_aUppsala, Sweden : _bGlee U P, _c1970. |
||
| 300 | _a260 p. | ||
| 650 | 0 |
_aMissions _zTanzania. _@0000149634 |
|
| 650 | 0 |
_aLutheran Church _xMissions. _@0000161406 |
|
| 852 | 1 | _9p300 KES | |
| 908 | _a081116 | ||
| 950 | _@1 | ||
| 999 |
_c13221 _d13221 |
||